| 000 | 00811nam a22002537a 4500 | ||
|---|---|---|---|
| 001 | 3670 | ||
| 003 | FISKH | ||
| 005 | 20240405095902.0 | ||
| 008 | 240405b cb ||||| |||| 00| 0 eng d | ||
| 040 |
_aFISK _beng _cFISK _dFISK |
||
| 050 | _aPZ7.S6795 | ||
| 082 | _a813.6 | ||
| 100 |
_aSnicket Lemony _d1970- |
||
| 245 |
_aThe hostile hospital / _cLemony Snicket |
||
| 260 |
_aNew York : _bScholastic, _c2002 |
||
| 300 |
_a255 pages : _c20 cm |
||
| 490 |
_aA series of unfortunate events _vbook 8 |
||
| 505 | _aZ | ||
| 520 | _aOn the run after being falsely accused of murder, the three Baudelaire orphans find themselves in the Heimlich Hospital, with the evil Count Olaf in close pursuit. | ||
| 521 | 8 |
_a1110 _bLexile |
|
| 700 | _aLemony Snicket | ||
| 942 |
_2ddc _cBK _n0 |
||
| 999 |
_c3670 _d3670 |
||